000 00723nam a22002297a 4500
003 UA-OsUOA
001 75803
007 ta
008 20110601b un ||||| |||| 00| 0 ukr d
090 _a016:94(477)(092)
_bП12
942 _cBK
040 _aUA-OsUOA
_bukr
_cUA-OsUOA
_dUA-OsUOA
245 _aПавло Федака: Бібліографічний покажчик
_cуклад. О.Д.Закривидорога, Г.З.Шарган
300 _a268 с.
955 _a2
041 _aukr
080 _a016:94(477)(092)
020 _a966-671-088-9
260 _aУжгород
_bКарпати
_c2005
650 7 _a01 Бібліографія і бібліографії. Каталоги
_2UDC
999 _c362087
_d362087